|
|
|
|
| LEADER |
01036nam a2200265 u 4500 |
| 001 |
10026582 |
| 003 |
upatras |
| 005 |
20210305164903.0 |
| 008 |
950531s1973 us eng |
| 020 |
|
|
|a 0471583871
|q (Πανόδετο)
|
| 040 |
|
|
|a GR-PaULI
|c GR-PaULI
|
| 041 |
0 |
|
|a eng
|
| 100 |
1 |
|
|a McDaniel, Earl W.
|9 150498
|
| 245 |
1 |
0 |
|a The mobility and diffusion of ions in gases
|c Earl W. McDaniel, Edward A. Mason
|
| 260 |
|
|
|a New York
|b John Wiley & Sons
|c 1973
|
| 300 |
|
|
|a xi, 372 p.
|b fig., tab.
|
| 490 |
0 |
|
|a Wiley series in plasma physics
|
| 505 |
1 |
|
|a includes appendix . - index
|
| 650 |
|
4 |
|a Πλάσμα (Ιονισμένα αέρια)
|9 4417
|
| 700 |
1 |
|
|a Mason, Edward A.
|9 152425
|
| 760 |
1 |
|
|a Wiley series in plasma physics
|
| 852 |
|
|
|a GR-PaULI
|b ΠΑΤΡΑ
|b ΦΥΣΙΚΟ
|k ΑΕΧ-1
|h 533.9 McD
|m 02961
|p 025000017747
|t 1
|
| 942 |
|
|
|2 ddc
|c BK15
|
| 952 |
|
|
|0 0
|1 0
|4 0
|6 533_900000000000000_MCD
|7 0
|9 196846
|a PHYS
|b PHYS
|d 2016-04-24
|i 02961
|l 0
|o 533.9 McD
|p 025000017747
|r 2016-04-24 00:00:00
|t 1
|w 2016-04-24
|y BK15
|
| 999 |
|
|
|c 120783
|d 120783
|